<?xml version="1.0" encoding="UTF-8"?>
<record
    xmlns:xsi="http://www.w3.org/2001/XMLSchema-instance"
    xsi:schemaLocation="http://www.loc.gov/MARC21/slim http://www.loc.gov/standards/marcxml/schema/MARC21slim.xsd"
    xmlns="http://www.loc.gov/MARC21/slim">

  <leader>00738nam#a22002775a#4500</leader>
  <controlfield tag="001">298</controlfield>
  <controlfield tag="008">060615s1958####ag#a###d######0|1#0#spa#d</controlfield>
  <datafield tag="245" ind1="1" ind2="0">
    <subfield code="a">Geometr&#xED;a :</subfield>
    <subfield code="b">Primer curso /</subfield>
    <subfield code="c">Celina Repetto, Marcela E. Linskens, Hilda Fesquet.</subfield>
  </datafield>
  <datafield tag="250" ind1=" " ind2=" ">
    <subfield code="a">16&#xAA; ed.</subfield>
  </datafield>
  <datafield tag="260" ind1=" " ind2=" ">
    <subfield code="a">Buenos Aires :</subfield>
    <subfield code="b">Kapelusz,</subfield>
    <subfield code="c">1958.</subfield>
  </datafield>
  <datafield tag="300" ind1=" " ind2=" ">
    <subfield code="a">107 p. :</subfield>
    <subfield code="b">il. ;</subfield>
    <subfield code="c">14 cm.</subfield>
  </datafield>
  <datafield tag="490" ind1="0" ind2=" ">
    <subfield code="a">Bachillerato, Magitrio y Comercio;</subfield>
  </datafield>
  <datafield tag="100" ind1="1" ind2=" ">
    <subfield code="a">Repetto, Celina H.</subfield>
  </datafield>
  <datafield tag="700" ind1="1" ind2=" ">
    <subfield code="a">Linskens, Marcela E.</subfield>
  </datafield>
  <datafield tag="700" ind1="1" ind2=" ">
    <subfield code="a">Fesquet, Hilda.</subfield>
  </datafield>
  <datafield tag="080" ind1=" " ind2=" ">
    <subfield code="a">514.1</subfield>
  </datafield>
  <datafield tag="084" ind1=" " ind2=" ">
    <subfield code="a">R42</subfield>
  </datafield>
  <datafield tag="653" ind1=" " ind2=" ">
    <subfield code="a">Entes geom&#xE9;tricos</subfield>
  </datafield>
  <datafield tag="653" ind1=" " ind2=" ">
    <subfield code="a">Rectas</subfield>
  </datafield>
  <datafield tag="653" ind1=" " ind2=" ">
    <subfield code="a">Angulos</subfield>
  </datafield>
  <datafield tag="653" ind1=" " ind2=" ">
    <subfield code="a">Puntos</subfield>
  </datafield>
  <datafield tag="040" ind1=" " ind2=" ">
    <subfield code="a">AR-ClEAG</subfield>
    <subfield code="c">AR-ClEAG</subfield>
  </datafield>
  <controlfield tag="005">20241107184631.0</controlfield>
  <controlfield tag="003">AR-ClEAG</controlfield>
  <datafield tag="942" ind1=" " ind2=" ">
    <subfield code="c">BK</subfield>
  </datafield>
  <datafield tag="999" ind1=" " ind2=" ">
    <subfield code="c">298</subfield>
    <subfield code="d">298</subfield>
  </datafield>
  <datafield tag="980" ind1=" " ind2=" ">
    <subfield code="6">2</subfield>
    <subfield code="a">Evangelina Gallicchio</subfield>
    <subfield code="8">2</subfield>
    <subfield code="g">Evangelina Gallicchio</subfield>
  </datafield>
  <datafield tag="952" ind1=" " ind2=" ">
    <subfield code="0">0</subfield>
    <subfield code="1">0</subfield>
    <subfield code="2">udc</subfield>
    <subfield code="4">0</subfield>
    <subfield code="7">0</subfield>
    <subfield code="a">EAC</subfield>
    <subfield code="b">EAC</subfield>
    <subfield code="c">KAPELUSZ</subfield>
    <subfield code="d">2024-11-07</subfield>
    <subfield code="i">370</subfield>
    <subfield code="l">0</subfield>
    <subfield code="o">R07 514.1 R42 1</subfield>
    <subfield code="p">370</subfield>
    <subfield code="r">2024-11-07 18:46:31</subfield>
    <subfield code="w">2024-11-07</subfield>
    <subfield code="y">BK</subfield>
  </datafield>
</record>
